000 01241nam a22002537a 4500
005 20240305165550.0
007 cr|||| ||||
008 200806s2020 pe |||||s|||| 00||0 spa d
020 _a978-612-4460-19-7
035 _a32065
040 _avLex
090 _c10725
_d10725
100 1 _aEspinoza Bonifaz, Renzo
245 1 0 _aCriminología Etiológica Multifactorial
_h[Recurso electrónico] :
_bEl estudio de los factores criminógenos para la prevención del crimen /
_cRenzo Espinoza Bonifaz
256 _aServicio en línea
260 _aLima:
_bUniversidad de San Martin de Porres,
_c2020
300 _a1 recurso electrónico
506 1 _aDisponible solo en los productos indicados
_dvLex Global
_dvLex Global (Academic Edition, excluding Law Schools)
_dvLex Global (U.S. Academic Edition, Law Schools)
_dvLex Global (U.S. Academic Edition, excluding Law Schools)
_dvLex Global (Academic Edition, Law Schools)
650 0 4 _aDerecho Penal
_zPerú
650 0 4 _aDerecho Público y Administrativo
_zPerú
740 0 _avLex Libros (Servicio en línea)
856 4 0 _uhttps://app.vlex.com/#/sources/criminologia-etiologica-multifactorial-el-estudio-de-los-factores-criminogenos-para-la-prevencion-del-crimen-32065
942 _cRAA
999 _c168961
_d168961